Con người và môi trương
Nội dung giới thiệu những khái niệm cơ bản về tài nguyên, môi trường và sinh thái, tài nguyên nước và ô nhiễm môi trường nước, tài nguyên đất và ô nhiễm môi trường đất, ô nhiễm không khí...
Đã lưu trong:
| Tác giả chính: | |
|---|---|
| Định dạng: | Sách |
| Ngôn ngữ: | Undetermined |
| Được phát hành: |
Thành phố Hồ Chí Minh
Trẻ
2000
|
| Những chủ đề: | |
| Các nhãn: |
Thêm thẻ
Không có thẻ, Là người đầu tiên thẻ bản ghi này!
|
| Thư viện lưu trữ: | Trung tâm Học liệu Trường Đại học Cần Thơ |
|---|
| LEADER | 00854nam a2200205Ia 4500 | ||
|---|---|---|---|
| 001 | CTU_148230 | ||
| 008 | 210402s9999 xx 000 0 und d | ||
| 020 | |c 27000 | ||
| 082 | |a 363.7384 | ||
| 082 | |b H556 | ||
| 100 | |a Hoàng, Hưng | ||
| 245 | 0 | |a Con người và môi trương | |
| 245 | 0 | |c Hoàng Hưng | |
| 260 | |a Thành phố Hồ Chí Minh | ||
| 260 | |b Trẻ | ||
| 260 | |c 2000 | ||
| 520 | |a Nội dung giới thiệu những khái niệm cơ bản về tài nguyên, môi trường và sinh thái, tài nguyên nước và ô nhiễm môi trường nước, tài nguyên đất và ô nhiễm môi trường đất, ô nhiễm không khí | ||
| 650 | |a Human ecology,Natural resources | ||
| 904 | |i QHieu | ||
| 980 | |a Trung tâm Học liệu Trường Đại học Cần Thơ | ||